000
00312nam a22001337a 4500
008
170210b xxu||||| |||| 00| 0 eng d
020
_a
9780072878578
041
_a
eng
080
_2
5TH
_a
61
100
_a
4
101
_a
SHM
245
_a
HEALTH EDUCATION AND HEALTH PROMOTION
_c
GREENBERG, J.S
942
_2
udc
_c
BK
999
_c
5173
_d
5173